| 000 | 01251cam a2200313 a 4500 | ||
|---|---|---|---|
| 001 | 4000537 | ||
| 003 | NUST-PNEC | ||
| 005 | 20170116180733.0 | ||
| 008 | 961028s1996 maua b 001 0 eng | ||
| 010 | _a 96048480 | ||
| 020 | _a0201498383 | ||
| 040 |
_aDLC _cPNEC _dDLC |
||
| 050 | 0 | 0 |
_aQA76.76.O63 _bC459 1997 |
| 082 | 0 | 0 |
_a005.4475 CHO _221 |
| 100 | 1 | _aChow, Randy. | |
| 245 | 1 | 0 |
_aDistributed operating systems & algorithms / _cRandy Chow, Theodore Johnson. |
| 246 | 3 | _aDistributed operating systems and algorithms | |
| 260 |
_aReading, Mass. : _bAddison Wesley, _cc1997. |
||
| 300 |
_axx, 569 p. : _bill. ; _c25 cm. |
||
| 500 | _aIncludes Index | ||
| 504 | _aIncludes bibliographical references and index. | ||
| 650 | 0 | _aDistributed operating systems (Computers) | |
| 650 | 0 |
_aComputer algorithms. _xComputer, MIS |
|
| 700 | 1 | _aJohnson, Theodore. | |
| 856 | _uhttp://www.amazon.com/Distributed-Operating-Systems-Algorithms-Randy/dp/0201498383/ref=sr_1_1?s=books&ie=UTF8&qid=1416385402&sr=1-1&keywords=0201498383 | ||
| 906 |
_a7 _bcbc _corignew _d1 _eocip _f19 _gy-gencatlg |
||
| 942 |
_2ddc _cBK |
||
| 999 |
_c61847 _d61847 |
||